[Event "34th Chess Olympiad (women)"]
[Site "Istanbul"]
[Date "2000.11.07"]
[Round "10.40.1"]
[White "Mudongo, Boikhutso"]
[Black "Phiri, Catherine"]
[WhiteElo "2000"]
[BlackElo "2000"]
[WhiteCountry "BOT"]
[BlackCountry "ZAM"]
[Result "1-0"]

1. e4 d6 2. d4 g6 3. Nf3 Nf6 4. Nc3 Bg7 5. Bc4 O-O 6. Be3 a6 7. Qd2 Nxe4 
8. Bxf7+ Rxf7 9. Nxe4 b5 10. h4 h5 11. Nfg5 Rf8 12. O-O-O Nc6 13. f3 Bf5 
14. Rhg1 Bxe4 15. fxe4 Qd7 16. Qd3 Qg4 17. e5 Qf5 18. Qxf5 Rxf5 19. Ne6 Rc8 
20. Nxg7 Kxg7 21. exd6 cxd6 22. a3 Na5 23. Rdf1 Rcf8 24. Rxf5 Rxf5 25. b3 e5 
26. dxe5 dxe5 27. Rd1 Rf6 28. Rd7+ Kg8 29. Kd2 Rc6 30. Ke2 e4 31. Bg5 Re6 
32. Re7 Rxe7 33. Bxe7 Kf7 34. Bg5 Ke6 35. Ke3 Kd5 36. g3 Nc6 37. Bf6 Ke6 
38. Bg7 Kf5 39. Bh8 Kg4 40. Kxe4 Kxg3 41. Bf6 Nb8 42. c4 bxc4 43. bxc4 Nd7 
44. Be7 a5 45. Kd4 Nb6 46. c5 Na8 47. c6 Kg4 48. Kc5 a4 49. Kd6 Nb6 
50. Kc7 Nd5+ 51. Kd8 Nb6 52. c7 Kf4 53. c8=Q Nxc8 54. Kxc8 Ke5 55. Bg5 Kd6 
56. Kb7 Kc5 57. Ka6 Kc6 58. Ka5 Kb7 59. Kxa4 Ka6 60. Kb4 Ka7 61. Kc5 Ka6 
62. Kd5 Ka5 63. Ke6 Ka4 64. Kf6 
1-0

[Event "34th Chess Olympiad (women)"]
[Site "Istanbul"]
[Date "2000.11.07"]
[Round "10.40.3"]
[White "Nakedi, Gloria"]
[Black "Banda, Mercy"]
[WhiteElo "2000"]
[BlackElo "2000"]
[WhiteCountry "BOT"]
[BlackCountry "ZAM"]
[Result "1/2-1/2"]

1. d4 d6 2. f4 Nf6 3. e3 Nbd7 4. Nf3 Nb6 5. Bd3 d5 6. O-O e6 7. Bd2 Bd7 
8. b3 Be7 9. Be1 O-O 10. Nbd2 Rc8 11. Bh4 Ne8 12. Bxe7 Qxe7 13. Ne5 Nd6 
14. Qh5 g6 15. Qh6 Nf5 16. Bxf5 exf5 17. Rae1 f6 18. Nxd7 Nxd7 19. Qh3 Qb4 
20. Nb1 c5 21. a3 Qb6 22. Qf3 Qc6 23. Nc3 Nb6 24. Ne2 Rfe8 25. c3 cxd4 
26. cxd4 Qc2 27. Nc1 Qb2 28. a4 Rc2 29. Re2 Rec8 30. a5 Rxe2 31. Nxe2 Qxb3 
32. axb6 axb6 33. Nc1 Qc4 34. Qd1 b5 35. Nb3 b6 36. Qc1 Ra8 37. Nd2 Qd3 
38. Re1 Ra2 39. Nf3 Rc2 40. Qb1 Qc4 41. Rd1 b4 42. Ne1 b3 43. Nd3 Qc3 
44. Kh1 b2 45. Qa2 Kg7 46. h4 Rd2 47. Rxd2 Qxd2 48. Nxb2 Qxe3 49. Qxd5 Qc1+ 
50. Nd1 Qxd1+ 51. Kh2 Qe1 52. g3 Qf2+ 53. Kh3 Qf1+ 54. Kh2 
1/2-1/2

[Event "34th Chess Olympiad (women)"]
[Site "Istanbul"]
[Date "2000.11.07"]
[Round "10.41.1"]
[White "Abdulsalam, Rawidah"]
[Black "Al-Sherkh Khade, Wasila"]
[WhiteElo "2000"]
[BlackElo "2000"]
[WhiteCountry "YEM"]
[BlackCountry "SYR"]
[Result "0-1"]

1. e4 c6 2. d4 d5 3. exd5 cxd5 4. Nf3 Bg4 5. h3 Bh5 6. Be2 Nf6 7. Nc3 e6 
8. Bg5 Be7 9. O-O Nbd7 10. Bxf6 Bxf6 11. Re1 O-O 12. Nh2 Bxe2 13. Nxe2 Qb6 
14. b3 Rac8 15. Ng4 Be7 16. a4 Bb4 17. Rf1 Rc7 18. Qd3 Rfc8 19. Ne3 Nf6 
20. Qb5 Qa5 21. Qxa5 Bxa5 22. f3 Bd2 23. Kf2 Bxe3+ 24. Kxe3 Rxc2 25. Rfc1 Kf8 
26. Rxc2 Rxc2 27. Nc1 Rxg2 28. Ra2 Rxa2 29. Nxa2 Ke7 30. Kd3 Nh5 31. Kc3 Nf4 
32. h4 Ng2 33. h5 Nf4 
0-1

[Event "34th Chess Olympiad (women)"]
[Site "Istanbul"]
[Date "2000.11.07"]
[Round "10.41.3"]
[White "Abdulsalam, Nadhmeia"]
[Black "Khalifeh, Diana"]
[WhiteElo "2000"]
[BlackElo "2000"]
[WhiteCountry "YEM"]
[BlackCountry "SYR"]
[Result "0-1"]

1. d4 Nf6 2. c4 e6 3. Nc3 Bb4 4. Bd2 O-O 5. Nf3 d5 6. e3 b6 7. Bd3 Bb7 
8. O-O a5 9. a3 Be7 10. Ne5 Nbd7 11. Nxd7 Qxd7 12. h3 dxc4 13. Bxc4 Qc6 
14. Qf3 Qxf3 15. gxf3 Bxf3 16. Bd3 Rad8 17. Rac1 c5 18. Nb5 Rd5 19. e4 Rh5 
20. Kh2 Bg4 21. f3 Bxh3 22. Rf2 Bf1+ 23. Kg1 Bxd3 24. Nc3 cxd4 25. Ne2 Bxe2 
26. Rxe2 Bc5 27. Rc4 d3+ 28. Re3 Bxe3+ 29. Bxe3 Rd8 30. Rc3 h6 
0-1

[Event "34th Chess Olympiad (women)"]
[Site "Istanbul"]
[Date "2000.11.07"]
[Round "10.42.1"]
[White "Wiesuriya, Vineetha"]
[Black "Mody, Ila"]
[WhiteElo "2000"]
[BlackElo "2000"]
[WhiteCountry "SRI"]
[BlackCountry "ISV"]
[Result "1-0"]

1. d4 g6 2. Nf3 Bg7 3. c3 Nf6 4. Bg5 d6 5. Nbd2 Nbd7 6. e4 O-O 7. Qb3 c5 
8. Be2 Qc7 9. O-O a6 10. a4 Nb8 11. d5 Re8 12. Rfe1 e6 13. Bxf6 Bxf6 
14. Bd3 Bg7 15. Nc4 b6 16. Qxb6 Qe7 17. Qxd6 Bb7 18. Qxe7 Rxe7 19. d6 Re8 
20. Rad1 e5 21. Bc2 Nd7 22. a5 Bc6 23. Ne3 f6 24. Nd5 Bxd5 25. Rxd5 Red8 
26. Nd2 Bf8 27. Nc4 Rab8 28. g3 Re8 29. Red1 Kg7 30. Ba4 Red8 31. Bxd7 Rxd7 
32. Rxc5 Rbd8 33. Rc6 Kf7 34. Rxa6 Ke6 35. Kf1 Bxd6 36. Rdxd6+ Rxd6 
37. Rxd6+ Rxd6 38. Nxd6 Kxd6 39. b4 Kc6 40. c4 Kb7 41. b5 f5 42. exf5 gxf5 
43. Ke2 
1-0

[Event "34th Chess Olympiad (women)"]
[Site "Istanbul"]
[Date "2000.11.07"]
[Round "10.42.2"]
[White "Murphy, Margaret"]
[Black "Konama, Anupama"]
[WhiteElo "2000"]
[BlackElo "2000"]
[WhiteCountry "ISV"]
[BlackCountry "SRI"]
[Result "0-1"]

1. d4 Nf6 2. Nf3 d5 3. e3 e6 4. Bd3 c5 5. c3 Nc6 6. O-O Be7 7. Nbd2 O-O 
8. Re1 Re8 9. e4 dxe4 10. Nxe4 cxd4 11. cxd4 h6 12. Bc2 Qc7 13. Nxf6+ Bxf6 
14. Qd3 Nb4 15. Qh7+ Kf8 16. Qh8+ Ke7 17. Qh7 Nxc2 18. Bd2 Nxe1 19. Rxe1 g6 
20. Bb4+ Kd8 21. Qxh6 Rh8 22. Qd2 Qd7 23. Ng5 Rh5 24. Nf3 b6 25. Rd1 Bb7 
26. Qe2 Qd5 27. b3 Rc8 28. Qe3 Rc2 29. Qf4 Rf5 30. Qb8+ Rc8 31. Qxa7 Qc6 
32. Bd6 Ra5 33. Qxb7 Qxb7 34. Ne5 Rxa2 35. Nxf7+ Qxf7 36. Bb8 Rxf2 37. Ba7 
0-1

[Event "34th Chess Olympiad (women)"]
[Site "Istanbul"]
[Date "2000.11.07"]
[Round "10.42.3"]
[White "Rathayake, Chandra"]
[Black "Oliver, Patricia"]
[WhiteElo "2000"]
[BlackElo "2000"]
[WhiteCountry "SRI"]
[BlackCountry "ISV"]
[Result "1-0"]

1. e4 e5 2. Nf3 Nc6 3. Bc4 Qe7 4. d3 h6 5. Nc3 Nf6 6. h3 d6 7. Be3 b6 
8. Bb5 Qd7 9. Nd5 Be7 10. c3 Bb7 11. Nb4 O-O 12. Qa4 a5 13. Nxc6 d5 
14. Ncxe5 Qe6 15. O-O dxe4 16. dxe4 Bxe4 17. Bc6 Rad8 18. Bxe4 Bd6 19. Bf4 Bc5 
20. Bc2 Nh5 21. Qe4 f6 22. Qh7# 
1-0

[Event "34th Chess Olympiad (women)"]
[Site "Istanbul"]
[Date "2000.11.07"]
[Round "10.43.1"]
[White "Zsiltzova-Lisenko, Lubov"]
[Black "Cinak, Nilufer"]
[WhiteElo "2273"]
[BlackElo "2057"]
[WhiteCountry "IBSA"]
[BlackCountry "TURA"]
[Result "0-1"]

1. e4 c5 2. Nf3 Nc6 3. d4 cxd4 4. Nxd4 Nf6 5. Nc3 e5 6. Ndb5 d6 7. Nd5 Nxd5 
8. exd5 Nb8 9. c3 Be7 10. Be2 O-O 11. O-O Nd7 12. Kh1 f5 13. f4 Bf6 
14. Nxd6 Nb6 15. Nxc8 Rxc8 16. fxe5 Bxe5 17. Bf4 Bxf4 18. Rxf4 Qd6 19. Qd2 Rce8 
20. Rd4 Re5 21. Bf3 Rfe8 22. h3 Re3 23. Rf1 Nc8 24. c4 Qg3 25. Kg1 Nd6 
26. c5 Nf7 27. Rd3 f4 28. Rxe3 fxe3 29. Qe2 Ng5 30. Bg4 h5 31. Bd7 Re5 
32. c6 Rxd5 33. Qc4 bxc6 34. Qxc6 Nf3+ 35. Rxf3 Rd1+ 36. Rf1 Rxf1+ 
0-1

[Event "34th Chess Olympiad (women)"]
[Site "Istanbul"]
[Date "2000.11.07"]
[Round "10.43.2"]
[White "Oney, Fatmanur"]
[Black "Debowska, Teresa"]
[WhiteElo "2038"]
[BlackElo "2094"]
[WhiteCountry "TURA"]
[BlackCountry "IBSA"]
[Result "0-1"]

1. d4 Nf6 2. Nf3 g6 3. Bf4 Bg7 4. c3 O-O 5. h3 d6 6. e3 Nc6 7. Bh2 Nd7 
8. Nbd2 e5 9. Bb5 Ndb8 10. dxe5 dxe5 11. e4 Qe7 12. Qc2 a6 13. Ba4 b5 
14. Bb3 Na5 15. a4 Nxb3 16. Nxb3 bxa4 17. Rxa4 Bd7 18. Ra1 Bb5 19. c4 Bd7 
20. O-O Nc6 21. Rfd1 Nb4 22. Qc3 f6 23. Rxd7 Qxd7 24. Qxb4 Rfb8 25. Qc3 Bf8 
26. c5 Qb5 27. Nfd2 a5 28. Rxa5 Rxa5 29. Qxa5 Qxa5 30. Nxa5 Rxb2 31. Nab3 Bxc5 
32. Nxc5 Rxd2 33. Bg3 Rd1+ 34. Kh2 Kf7 35. f4 Rc1 36. Nd3 Rc3 37. Nf2 exf4 
38. Bxf4 g5 39. Bg3 h5 40. h4 Ke6 41. Nh3 Rc5 42. Bf2 Rc2 43. hxg5 fxg5 
44. Nxg5+ Kf6 45. Bh4 Kg6 46. Nf3 c5 47. Ne5+ Kh6 48. Nd7 c4 49. Kg3 Rd2 
50. Ne5 c3 51. Nf3 Rd3 52. Bg5+ Kg7 53. Kf2 c2 54. Ne1 Rc3 55. Bc1 Kf6 
56. Ke2 Ke5 57. Kd2 Rg3 58. Kxc2 Kxe4 59. Kd2 h4 60. Ke2 h3 61. Kf2 h2 
62. Kxg3 h1=Q 63. Kf2 Qh4+ 64. g3 Qh2+ 65. Ng2 Qh1 66. Bf4 Qd1 67. Nh4 Qc2+ 
68. Kg1 Qe2 69. Bh6 Kd3 70. Bf4 Qb2 71. Ng2 Ke2 72. Nh4 Qb6+ 73. Kg2 Qe6 
74. Kh2 Kf2 75. Ng2 Kf3 76. Nh4+ Kg4 77. Kg1 Qe1+ 78. Kg2 Qe2+ 79. Kg1 Kh3 
80. Bb8 
0-1

[Event "34th Chess Olympiad (women)"]
[Site "Istanbul"]
[Date "2000.11.07"]
[Round "10.43.3"]
[White "Sanchez, Esmeralda"]
[Black "Cavusoglu, Yildiz"]
[WhiteElo "2000"]
[BlackElo "2000"]
[WhiteCountry "IBSA"]
[BlackCountry "TURA"]
[Result "0-1"]

1. e4 e5 2. Nf3 Nf6 3. Nxe5 d6 4. Nf3 Nxe4 5. Qe2 Qe7 6. d3 Nf6 7. Bg5 Nbd7 
8. Nc3 Qxe2+ 9. Bxe2 Be7 10. O-O O-O 11. Rfe1 Re8 12. Bf1 c6 13. d4 h6 
14. Bd2 Nf8 15. Bd3 Bg4 16. Nh4 d5 17. Nf5 Bxf5 18. Bxf5 Bd6 19. Rxe8 Rxe8 
20. Re1 Rxe1+ 21. Bxe1 Ne6 22. Ne2 b6 23. Bd2 Ne4 24. Bc1 Kf8 25. c3 Ke7 
26. f3 Nf6 27. g3 c5 28. Be3 c4 29. Kf2 b5 30. Bd2 Nd7 31. Bc2 Nb6 32. b3 a5 
33. Ke1 cxb3 34. axb3 a4 35. bxa4 bxa4 36. Nc1 Nc7 37. Na2 Nb5 38. Ke2 Na3 
39. Bd3 Nac4 40. Bxc4 Nxc4 41. Bc1 Kd7 42. Kd3 Kc6 43. Nb4+ Bxb4 44. cxb4 a3 
0-1